000 00708cab a2200241 4500
001 WB2745-47
008 090401t1991 xxu||||| |||| 00| 0 eng d
035 _a(Sirsi) u45005
041 _aeng
245 _aMoney for inner city regeneration
260 _c1991
350 _a0
490 _aAction for Cities News Release
_v(691) 12 November 1991 (4)
520 _aA further £100m is to be channelled into urban renewal through the UDCs, the Derelict Land Grant scheme and the City Grant programme.
650 _aCITY GRANT
650 _aDERELICT LAND GRANT
650 _aFUNDING
650 _aINNER CITIES
650 _aUDCS
690 _aURBAN RENEWAL
942 _n0
948 _c04/03/1997
999 _c28608
_d28608